000 00419nam a22001457a 4500
020 _qPB.
040 _cFIZZA ISHAQ
082 _a551.41
_bHUG
100 _aHuggett, Richard ,
_9133566
245 _aFundamentals Of Geomorphology /
_cRichard Huggett.
250 _a4TH ED.
260 _aNew York:
_bRoutledge Taylor and Francis Group,
_c2017.
300 _axxxiv , 543 p. ;
_c7.99 x 10 x 1.85 inches
942 _2ddc
_cBK
999 _c616504
_d616504